Sudden Death - Heutige Länder Jugoslawiens - Statistiken

Allgemein
  • Dieses Quiz wurde 354 mal gespielt
  • Das Durchschnittsergebnis liegt bei 5 aus 7
Answers on the Grid
Answers color-coded by a green-red scale on the quiz's grid according to % correct below.
Bosnien-Herzegowina🇧🇦
Montenegro🇲🇪
Nordmazedonien🇲🇰
Slowenien🇸🇮
Kroatien🇭🇷
Kosovo🇽🇰
Serbien🇷🇸
Moldau🇲🇩
Albanien🇦🇱
Slowakei🇸🇰
Ungarn🇭🇺
Tschechien🇨🇿
Bulgarien🇧🇬
Armenien🇦🇲
Rumänien🇷🇴
Russland🇷🇺
Griechenland🇬🇷
Polen🇵🇱
Türkei🇹🇷
Italien🇮🇹
San Marino🇸🇲
 
Antwortstatistiken
Antwort % Korrekt
Serbien🇷🇸
81%
Bosnien-Herzegowina🇧🇦
79%
Kroatien🇭🇷
79%
Montenegro🇲🇪
76%
Kosovo🇽🇰
73%
Nordmazedonien🇲🇰
72%
Slowenien🇸🇮
67%
Keine übereinstimmenden Quizze gefunden
Verteilung der Resultate
Anzahl Personen mit jedem Resultat
Perzentil nach korrekt beantworteten Fragen
Ihre Resultats-Entwicklung
Sie haben dieses Quiz noch nicht gespielt